MLB Interleague Rivals - Statistics

General Stats
  • This quiz has been taken 127 times
  • The average score is 13 of 15
Answer Stats
National League Team American League Rival % Correct
New York Mets New York Yankees
98%
Chicago Cubs Chicago White Sox
91%
San Francisco Giants Oakland Athletics
90%
St Louis Cardinals Kansas City Royals
89%
Washington Nationals Baltimore Orioles
87%
Cincinnati Reds Cleveland Guardians
87%
Los Angeles Dodgers Los Angeles Angels
87%
Miami Marlins Tampa Bay Rays
87%
Atlanta Braves Boston Red Sox
84%
Milwaukee Brewers Minnesota Twins
83%
Colorado Rockies Houston Astros
82%
Arizona Diamondbacks Texas Rangers
79%
Philadelphia Phillies Toronto Blue Jays
79%
San Diego Padres Seattle Mariners
78%
Pittsburgh Pirates Detroit Tigers
76%
No matching quizzes found
Score Distribution
Percent of People with Each Score
Percentile by Number Answered
Your Score History
You have not taken this quiz